Loading...
| Science - Chemistry | 0 | 8 | 2 | 1 | 70 | 66 | 90.38 | 2 | 5 | 0.00 | 0.00 |
| Science - Biology | 0 | 7 | 2 | 0 | 60 | 48 | 82.14 | 2 | 5 | 0.00 | 0.00 |
| Social Science | 0 | 4 | 0 | 1 | 40 | 91 | 113.25 | 1 | 2 | 0.00 | 0.00 |
| Science - Physics | 0 | 3 | 0 | 0 | 30 | 79 | 103.67 | 1 | 1 | 0.00 | 0.00 |
| Fine Arts - Classical Music | 0 | 2 | 0 | 0 | 20 | 87 | 110.50 | 0 | 0 | 0.00 | 0.00 |
| Other Academic | 0 | 1 | 0 | 0 | 10 | 57 | 57.00 | 0 | 1 | 0.00 | 0.00 |
| Literature - European | 0 | 1 | 0 | 1 | 10 | 143 | 143.00 | 0 | 0 | 0.00 | 0.00 |
| Science - Other | 0 | 1 | 0 | 0 | 10 | 84 | 84.00 | 1 | 1 | 0.00 | 0.00 |
| Religion | 0 | 1 | 1 | 0 | 5 | 112 | 112.00 | 0 | 0 | 0.00 | 0.00 |